000 00452nam a22001577a 4500
005 20251108172330.0
008 250721s1983 xx 000 0 ara d
082 1 4 _aط/923.9/كول
245 1 0 _aكولمبس /
264 1 _aبيروت :
_bمكدونالد الشرق الأوسط،
_c1983.
300 _a23ص؛مص
490 0 _aالعالم بين يديك : مشاهير ؛3
650 1 7 _aالمشاهير
942 _2ddc
_cBK
999 _c76446
_d76446